Welcome to the Holygrace Academy Library

Please use search bar below to get started

WINNERS (Record no. 3883)

MARC details
000 -LEADER
fixed length control field 00312nam a22001457a 4500
020 ## - INTERNATIONAL STANDARD BOOK NUMBER
ISBN 81-88234-11-7
082 ## - DEWEY DECIMAL CLASSIFICATION NUMBER
Classification number 821
Item number MAT/W
100 ## - MAIN ENTRY--AUTHOR NAME
Personal name MATHEW, MARIE
100 ## - MAIN ENTRY--AUTHOR NAME
Personal name MATHEW,ANNIE CHANDY
245 ## - TITLE STATEMENT
Title WINNERS
260 ## - PUBLICATION, DISTRIBUTION, ETC. (IMPRINT)
Place of publication BANGALORE
Name of publisher UNISUN PUBLICATIONS
300 ## - PHYSICAL DESCRIPTION
Number of Pages 157
650 ## - SUBJECT ADDED ENTRY--TOPICAL TERM
Geographic subdivision BANGALORE
942 ## - ADDED ENTRY ELEMENTS (KOHA)
Koha item type Books
Holdings
Withdrawn status Lost status Collection code Home library Current library Shelving location Date acquired Source of acquisition Full call number Accession Number Koha item type
    Reference Main Library Main Library SHELF-16D -ENGLISH GRAMMAR ,POEMS 23/10/2006 PURCHASE 821 MAT/W 00493 Books